| 000 | 00557nam a2200193Ia 4500 | ||
|---|---|---|---|
| 999 |
_c10940 _d10940 |
||
| 003 | OSt | ||
| 005 | 20191221104505.0 | ||
| 008 | 190216s9999||||xx |||||||||||||| ||und|| | ||
| 020 | _a8183182410 | ||
| 040 | _coclc | ||
| 082 |
_a338.954 _bMIS/E |
||
| 100 |
_aMisra, S K _9502 |
||
| 245 | 0 |
_aEconomics Of Development And Planning / _cS K Misra ; V K Puri |
|
| 250 | _a11th ed. | ||
| 260 |
_bHimalaya Publishing House, _c2005. _aDelhi: |
||
| 300 | _a893p | ||
| 650 | _aEconomics | ||
| 942 |
_cBK _2ddc _h338.954 _iMIS/E _k338.954 _mMIS/E |
||